Movies Quiz

Random Movies or Disney Quiz

Disney Townsfolk Quiz Stats

 Plays Quiz Updated Mar 28, 2020

Support Sporcle.
Go Orange.
Score 0/22 Timer 05:00
5 Plays Today
% Correct
Mulan
93%
The Lion King
92.8%
Aladdin
91.9%
Frozen
91.8%
Moana
91.7%
The Little Mermaid
91.6%
Peter Pan
91%
Pocahontas
89.5%
Zootopia
85.8%
Lilo & Stitch
83.4%
Hercules
83%
% Correct
Beauty and the Beast
82.1%
The Princess and the Frog
81.4%
Wreck-It Ralph
70.2%
Tangled
66.3%
Atlantis: The Lost Empire
64.5%
The Hunchback of Notre Dame
64.3%
Robin Hood
64.3%
Big Hero 6
55.1%
Chicken Little
37.9%
The Black Cauldron
24.9%
Home on the Range
20.1%

You're not logged in!

Compare scores with friends on all Sporcle quizzes.
OR
Log In
Forgot?

From the Vault

Word Laddyrinth III

by betraisefold

Try to not get lost in there.
Remove Ads.
Support Sporcle.
Get the best of Sporcle when you Go Orange. This ad-free experience offers more features, more stats, and more fun while also helping to support Sporcle. Thank you for becoming a member.

Show Comments

Extras

Top Quizzes Today


Score Distribution

Your Account Isn't Verified!

In order to create a playlist on Sporcle, you need to verify the email address you used during registration. Go to your Sporcle Settings to finish the process.

Report this User

Report this user for behavior that violates our Community Guidelines.

Details: